[Event "VL 2016/17"]
[Site "Mecklenburg/Vorpommern"]
[Date "2017.02.26"]
[Round "6.7"]
[White "Helms, Sven"]
[Black "Lehmann, Ruben"]
[Result "1-0"]
[WhiteElo "1930"]
[BlackElo "1940"]
[PlyCount "69"]
[EventType "team-tourn"]
[EventRounds "9"]
[SourceDate "2016.10.16"]
[WhiteTeam "SF Schwerin II"]
[BlackTeam "SAV Torgelow"]

1. d4 d5 2. c4 e6 3. Nc3 c6 4. e3 Nf6 5. Nf3 Nbd7 6. Bd3 dxc4 7. Bxc4 b5 8. Bd3
a6 9. O-O c5 10. Qe2 Bb7 11. Rd1 cxd4 12. exd4 Bd6 13. Bg5 O-O 14. Ne5 Qc7 15.
Nxd7 Nxd7 16. Rac1 Qb8 17. Qh5 g6 18. Qh4 Rc8 19. Ne4 Rxc1 20. Rxc1 Bf8 21. Nc5
Nxc5 22. dxc5 Qe5 23. c6 Bc8 24. Bf6 Qd5 25. Bc3 Bg7 26. Be4 Qd6 27. c7 Ra7 28.
Bxg7 Rxc7 29. Bc3 b4 30. Bf3 bxc3 31. bxc3 Qd2 32. Rd1 Qxc3 33. Qd8+ Kg7 34. h4
Qf6 35. Qxc7 1-0

[Event "VL 2016/17"]
[Site "Mecklenburg/Vorpommern"]
[Date "2017.02.26"]
[Round "6.8"]
[White "Kasel, Alexander"]
[Black "Dittrich, Carsten"]
[Result "0-1"]
[WhiteElo "1707"]
[BlackElo "1804"]
[PlyCount "48"]
[EventType "team-tourn"]
[EventRounds "9"]
[SourceDate "2016.10.16"]
[WhiteTeam "SAV Torgelow"]
[BlackTeam "SF Schwerin II"]

1. c4 e5 2. Nc3 Bb4 3. g3 Bxc3 4. bxc3 d6 5. Bg2 Nc6 6. d4 Nge7 7. Nf3 O-O 8.
Ba3 Bd7 9. O-O Re8 10. Qd3 Ng6 11. Nd2 Qc8 12. c5 dxc5 13. Bxc5 exd4 14. cxd4
Bh3 15. e3 Bxg2 16. Kxg2 Qd7 17. Qb3 b6 18. Ba3 Qg4 19. Rac1 Re6 20. Qa4 Nce5
21. h3 Nh4+ 22. Kh2 Nhf3+ 23. Nxf3 Nxf3+ 24. Kg2 Qe4 0-1

[Event "VL 2016/17"]
[Site "Mecklenburg/Vorpommern"]
[Date "2017.02.26"]
[Round "6.1"]
[White "Schinke, Andreas"]
[Black "Mehl, Ronald"]
[Result "0-1"]
[WhiteElo "2034"]
[BlackElo "2054"]
[PlyCount "80"]
[EventType "team-tourn"]
[EventRounds "9"]
[SourceDate "2016.10.16"]
[WhiteTeam "Grevesmuehlen "]
[BlackTeam "FHSG Stralsund"]

1. e4 c5 2. c3 Nf6 3. e5 Nd5 4. Nf3 e6 5. d4 cxd4 6. cxd4 Nc6 7. Nc3 Nxc3 8.
bxc3 d6 9. exd6 Bxd6 10. Bd3 h6 11. O-O Qa5 12. Bd2 Qh5 13. Qe2 O-O 14. Qe4 f5
15. Qe3 Bd7 16. Rab1 b6 17. c4 Rfe8 18. c5 Bc7 19. Be2 Qf7 20. Bc4 Rab8 21. Bb3
Kh8 22. Bc3 b5 23. d5 exd5 24. Qxh6+ Kg8 25. Qd2 Ne7 26. Ng5 Qh5 27. Bxd5+ Nxd5
28. f4 Nxc3 29. Qxc3 Bxf4 30. Qb3+ Kf8 31. Nh7+ Qxh7 32. Rxf4 Re5 33. Qc3 Rbe8
34. c6 Bc8 35. Rd1 Qh6 36. Qb4+ Kg8 37. Rdf1 Qxc6 38. Qb3+ Qd5 39. Qg3 Bb7 40.
Rh4 Re1 0-1

[Event "VL 2016/17"]
[Site "Mecklenburg/Vorpommern"]
[Date "2017.02.26"]
[Round "6.2"]
[White "Hubert, Peter"]
[Black "Naujok, Joerg"]
[Result "1/2-1/2"]
[WhiteElo "2001"]
[BlackElo "1979"]
[PlyCount "53"]
[EventType "team-tourn"]
[EventRounds "9"]
[SourceDate "2016.10.16"]
[WhiteTeam "FHSG Stralsund"]
[BlackTeam "Grevesmuehlen "]

1. c4 Nf6 2. Nc3 g6 3. g3 Bg7 4. Bg2 c6 5. d4 d6 6. e4 O-O 7. Nge2 e5 8. d5
cxd5 9. cxd5 Bd7 10. h3 b5 11. a3 a5 12. Be3 Na6 13. O-O Qc8 14. Kh2 Qb7 15. f4
exf4 16. Bxf4 Qb6 17. Qd2 b4 18. axb4 axb4 19. Na4 Bxa4 20. Rxa4 Nd7 21. Be3
Ndc5 22. Rfa1 Qb7 23. Bxc5 Nxc5 24. Rxa8 Rxa8 25. Rxa8+ Qxa8 26. Qxb4 Be5 27.
Nd4 1/2-1/2

[Event "VL 2016/17"]
[Site "Mecklenburg/Vorpommern"]
[Date "2017.02.26"]
[Round "6.3"]
[White "Boehme, Andy"]
[Black "Glawe, Hartmut"]
[Result "1/2-1/2"]
[WhiteElo "1992"]
[BlackElo "1939"]
[PlyCount "120"]
[EventType "team-tourn"]
[EventRounds "9"]
[SourceDate "2016.10.16"]
[WhiteTeam "Grevesmuehlen "]
[BlackTeam "FHSG Stralsund"]

1. Nf3 Nf6 2. e3 b6 3. b3 Bb7 4. Bb2 e6 5. c4 Be7 6. Qc2 O-O 7. Ng5 g6 8. h4 h5
9. Nc3 a5 10. Ne2 Qe8 11. Nf4 Na6 12. a3 Nc5 13. f3 d6 14. d4 Ncd7 15. Bd3 e5
16. Nxg6 e4 17. Nxe7+ Qxe7 18. Nxe4 Bxe4 19. Bxe4 Rae8 20. O-O-O Nxe4 21. fxe4
Qxe4 22. Rh3 Qxc2+ 23. Kxc2 Nf6 24. Rf1 Ng4 25. Kd3 Kh7 26. Rf5 Kg6 27. e4 f6
28. Rhf3 Re7 29. d5 Ref7 30. Bd4 Ra8 31. Kc3 Re8 32. R5f4 Ref8 33. b4 Ra8 34.
Kb3 Rff8 35. c5 axb4 36. cxb6 bxa3 37. Ka2 cxb6 38. Rxa3 Rxa3+ 39. Kxa3 Rc8 40.
Kb4 Rc2 41. g3 Rg2 42. Rf3 Re2 43. Rf4 Ne5 44. Kb5 Rg2 45. Bxe5 fxe5 46. Rf8
Kg7 47. Rf3 Rc2 48. Kxb6 Rc4 49. Rf5 Kg6 50. Rg5+ Kh6 51. g4 hxg4 52. Rxg4 Kh5
53. Rg8 Kxh4 54. Rg6 Rxe4 55. Rxd6 Kg5 56. Rd8 Rd4 57. Kc6 e4 58. d6 e3 59. d7
Kf4 60. Kc5 Rxd7 1/2-1/2

[Event "VL 2016/17"]
[Site "Mecklenburg/Vorpommern"]
[Date "2017.02.26"]
[Round "6.4"]
[White "Kohn, Andreas"]
[Black "Stiegler, Maik"]
[Result "0-1"]
[WhiteElo "1917"]
[BlackElo "1930"]
[PlyCount "66"]
[EventType "team-tourn"]
[EventRounds "9"]
[SourceDate "2016.10.16"]
[WhiteTeam "FHSG Stralsund"]
[BlackTeam "Grevesmuehlen "]

1. e4 c5 2. Nf3 d6 3. d4 cxd4 4. Nxd4 Nc6 5. Nc3 g6 6. Be3 Bg7 7. Qd2 Nf6 8. f3
a6 9. Bc4 Bd7 10. g4 Rc8 11. Bb3 Na5 12. O-O-O Nxb3+ 13. cxb3 b5 14. Kb1 b4 15.
Nce2 a5 16. h4 h5 17. g5 Nh7 18. f4 O-O 19. f5 Rc7 20. fxg6 fxg6 21. Nf4 Rxf4
22. Bxf4 e5 23. Ne2 exf4 24. Qd5+ Kh8 25. Nxf4 Qe8 26. Qxd6 Qxe4+ 27. Nd3 Qc6
28. Qxc6 Rxc6 29. Nxb4 Bf5+ 30. Nd3 Nf8 31. Rh2 Ne6 32. Rc2 Rxc2 33. Kxc2 Nc5
0-1

[Event "VL 2016/17"]
[Site "Mecklenburg/Vorpommern"]
[Date "2017.02.26"]
[Round "6.5"]
[White "Wecke, Thoralf"]
[Black "Paulowitz, Bernd Rainer"]
[Result "1/2-1/2"]
[WhiteElo "1849"]
[BlackElo "1892"]
[PlyCount "31"]
[EventType "team-tourn"]
[EventRounds "9"]
[SourceDate "2016.10.16"]
[WhiteTeam "Grevesmuehlen "]
[BlackTeam "FHSG Stralsund"]

1. d4 Nf6 2. Bg5 d5 3. Nd2 Nbd7 4. Ngf3 b6 5. e3 Bb7 6. Bd3 g6 7. Qe2 Bg7 8. c3
O-O 9. e4 dxe4 10. Nxe4 c5 11. O-O-O Qc7 12. Kb1 Rac8 13. Rhe1 c4 14. Bc2 b5
15. Qd2 Rfe8 16. Bf4 1/2-1/2

[Event "VL 2016/17"]
[Site "Mecklenburg/Vorpommern"]
[Date "2017.02.26"]
[Round "6.6"]
[White "Kohn, Thomas"]
[Black "Streit, Bodo"]
[Result "1/2-1/2"]
[WhiteElo "1857"]
[BlackElo "1766"]
[PlyCount "62"]
[EventType "team-tourn"]
[EventRounds "9"]
[SourceDate "2016.10.16"]
[WhiteTeam "FHSG Stralsund"]
[BlackTeam "Grevesmuehlen "]

1. Nf3 d5 2. c4 dxc4 3. e3 Nc6 4. Bxc4 Nf6 5. Nc3 e6 6. a3 Bd6 7. d4 O-O 8. e4
e5 9. d5 Na5 10. Be2 c5 11. Bg5 b6 12. O-O h6 13. Bh4 a6 14. Qc2 c4 15. Nd2 g5
16. Bg3 b5 17. b4 cxb3 18. Nxb3 Nxb3 19. Qxb3 Qb6 20. a4 b4 21. Rfd1 Qc5 22.
Na2 Nxe4 23. Rac1 Qa5 24. Rc6 Bd7 25. Rxd6 Nxd6 26. Bxe5 Bxa4 27. Qf3 f6 28.
Bxd6 Bxd1 29. Bxf8 Rxf8 30. Bxd1 b3 31. Qe4 bxa2 1/2-1/2

[Event "VL 2016/17"]
[Site "Mecklenburg/Vorpommern"]
[Date "2017.02.26"]
[Round "6.8"]
[White "Giese, Lothar"]
[Black "Wulff, Jens Peter"]
[Result "1-0"]
[WhiteElo "1795"]
[BlackElo "1581"]
[PlyCount "111"]
[EventType "team-tourn"]
[EventRounds "9"]
[SourceDate "2016.10.16"]
[WhiteTeam "FHSG Stralsund"]
[BlackTeam "Grevesmuehlen "]

1. c4 c6 2. d4 g6 3. Nc3 Bg7 4. e4 d6 5. Nf3 Nh6 6. h3 Bd7 7. Be3 f6 8. d5 c5
9. Be2 Nf7 10. Qd2 Na6 11. a3 Nc7 12. Rb1 O-O 13. O-O Qc8 14. Nh2 f5 15. b4 b6
16. exf5 Bxf5 17. Bg4 Ne5 18. Bxf5 Qxf5 19. Qe2 Qd3 20. Qxd3 Nxd3 21. Ne4 cxb4
22. axb4 Na6 23. b5 Nac5 24. Nxc5 Nxc5 25. Bxc5 dxc5 26. Rbe1 Rf4 27. Rxe7 Rxc4
28. Rd1 Bf8 29. Rd7 a5 30. Ng4 Bg7 31. Re1 Rf4 32. Ree7 Bf8 33. Rxh7 Re8 34.
Nh6+ Bxh6 35. Rxh6 Rf6 36. Rdh7 Re1+ 37. Kh2 Rd6 38. Rh8+ Kg7 39. R6h7+ Kf6 40.
Rf8+ Ke5 41. Re7+ Kxd5 42. Rxe1 Kc4 43. Rb1 Kc3 44. Rf4 Kc2 45. Ra1 g5 46. Rg4
Kb2 47. Raa4 Kb3 48. Rae4 Rd3 49. h4 gxh4 50. Rxh4 Rc3 51. f4 a4 52. f5 a3 53.
Rh3 Rxh3+ 54. Kxh3 a2 55. Re1 c4 56. f6 1-0

[Event "VL 2016/17"]
[Site "Mecklenburg/Vorpommern"]
[Date "2017.02.26"]
[Round "6.1"]
[White "Csillag, Istvan"]
[Black "Kalhorn, Stefan"]
[Result "0-1"]
[WhiteElo "1986"]
[BlackElo "2074"]
[PlyCount "124"]
[EventType "team-tourn"]
[EventRounds "9"]
[SourceDate "2016.10.16"]
[WhiteTeam "SG Neubrandenburg"]
[BlackTeam "Greifswalder SV II"]

1. d4 d5 2. Nf3 Nf6 3. c4 e6 4. Nc3 Be7 5. Bf4 O-O 6. h3 c5 7. cxd5 exd5 8. e3
Nc6 9. Be2 a6 10. a4 Bf5 11. O-O Rc8 12. Rc1 c4 13. Ne5 h6 14. g4 Bh7 15. Nxc6
Rxc6 16. Bf3 Qa5 17. Be5 Rd8 18. Bg2 Bd3 19. f4 Ne4 20. Nxe4 dxe4 21. f5 Bg5
22. Re1 Qb4 23. d5 Rxd5 24. Bc3 Qd6 25. Qd2 Qg3 26. Qf2 Qxf2+ 27. Kxf2 Bh4+ 28.
Kg1 Bxe1 29. Rxe1 h5 30. Kf2 h4 31. Ra1 f6 32. Kg1 b6 33. Kf2 Rc8 34. Bd4 Rb8
35. Ke1 Rd7 36. Kd2 Kf7 37. Kc3 Rd5 38. Kb4 g6 39. fxg6+ Kxg6 40. Rd1 Rg5 41.
Rd2 a5+ 42. Ka3 b5 43. axb5 Rbxb5 44. Rf2 f5 45. Rf4 fxg4 46. hxg4 Bb1 47. Bc3
Rb3+ 48. Ka4 Bc2 49. Bxe4+ Bxe4 50. Rxe4 Rb6 51. Rf4 Rd5 52. Bd4 Rb7 53. Ka3 h3
54. Rf2 Rh7 55. Rh2 Kg5 56. Bc3 Kxg4 57. e4 Rd3 58. Ka4 Re3 59. Kxa5 Rxe4 60.
Kb5 Rh5+ 61. Kc6 Kg3 62. Rh1 h2 0-1

[Event "VL 2016/17"]
[Site "Mecklenburg/Vorpommern"]
[Date "2017.02.26"]
[Round "6.2"]
[White "Schwahn, Christian"]
[Black "Pruesse, Horst"]
[Result "0-1"]
[WhiteElo "1979"]
[BlackElo "2040"]
[PlyCount "76"]
[EventType "team-tourn"]
[EventRounds "9"]
[SourceDate "2016.10.16"]
[WhiteTeam "Greifswalder SV II"]
[BlackTeam "SG Neubrandenburg"]

1. e4 c5 2. Nf3 a6 3. d4 cxd4 4. Nxd4 Nf6 5. Nc3 e5 6. Nb3 Bb4 7. Bd3 d5 8.
exd5 e4 9. Be2 Nxd5 10. Bd2 Nxc3 11. bxc3 Bd6 12. Be3 Qc7 13. Nd2 Qxc3 14. O-O
Qe5 15. g3 Qe7 16. Nc4 Bc7 17. Rb1 Nd7 18. Bf4 Bxf4 19. gxf4 O-O 20. Nd6 Nf6
21. Rb6 Rd8 22. c4 Ng4 23. Bxg4 Bxg4 24. Qxg4 Rxd6 25. Rxd6 Qxd6 26. f5 Qc6 27.
Rd1 Re8 28. Rd4 Qb6 29. c5 Qxc5 30. f6 g6 31. Qd7 Rf8 32. h4 Qc1+ 33. Kg2 Qf4
34. Qe7 Qg4+ 35. Kf1 Qc8 36. Rxe4 h5 37. Qe5 Rd8 38. Qg5 Qh3+ 0-1

[Event "VL 2016/17"]
[Site "Mecklenburg/Vorpommern"]
[Date "2017.02.26"]
[Round "6.3"]
[White "Rossmann, Andreas"]
[Black "Sowada, Christoph"]
[Result "1/2-1/2"]
[WhiteElo "1919"]
[BlackElo "1919"]
[PlyCount "42"]
[EventType "team-tourn"]
[EventRounds "9"]
[SourceDate "2016.10.16"]
[WhiteTeam "SG Neubrandenburg"]
[BlackTeam "Greifswalder SV II"]

1. Nf3 d6 2. d4 f5 3. c4 g6 4. Nc3 Nf6 5. g3 Bg7 6. Bg2 c6 7. O-O O-O 8. Qc2
Qc7 9. Re1 e5 10. dxe5 dxe5 11. e4 f4 12. b3 Be6 13. Ba3 Re8 14. Rad1 Bf8 15.
Bxf8 Kxf8 16. Qd2 Nbd7 17. Ng5 Rad8 18. Nxe6+ Rxe6 19. Bh3 Re7 20. gxf4 exf4
21. Qd4 Qe5 1/2-1/2

[Event "VL 2016/17"]
[Site "Mecklenburg/Vorpommern"]
[Date "2017.02.26"]
[Round "6.4"]
[White "Hertel, Johannes"]
[Black "Kunow, Frank"]
[Result "1-0"]
[WhiteElo "1839"]
[BlackElo "1891"]
[PlyCount "87"]
[EventType "team-tourn"]
[EventRounds "9"]
[SourceDate "2016.10.16"]
[WhiteTeam "Greifswalder SV II"]
[BlackTeam "SG Neubrandenburg"]

1. d4 g6 2. c4 Bg7 3. g3 d6 4. Nf3 e5 5. dxe5 dxe5 6. Qxd8+ Kxd8 7. Nc3 f6 8.
Be3 Be6 9. Bg2 Kc8 10. Rc1 Nd7 11. Nd2 Nh6 12. Nde4 Nf7 13. Na4 Re8 14. Nec5
Nxc5 15. Nxc5 Nd8 16. h4 h5 17. O-O c6 18. Rfd1 Bf5 19. b4 b6 20. Nb3 Kc7 21.
c5 b5 22. Rd6 Bd7 23. Rcd1 Re7 24. Na5 Rf7 25. Be4 f5 26. Bc2 Be6 27. Nxc6 Nxc6
28. Rxe6 f4 29. Bxg6 Re7 30. Rxc6+ Kxc6 31. Be4+ Kc7 32. Bxa8 fxe3 33. f3 Re6
34. Bd5 Rg6 35. Kh2 Ra6 36. Rd3 Bh6 37. Kh3 e4 38. Bxe4 Rxa2 39. Rd6 Rxe2 40.
Rxh6 Rh2+ 41. Kxh2 e2 42. Rh7+ Kd8 43. c6 e1=Q 44. c7+ 1-0

[Event "VL 2016/17"]
[Site "Mecklenburg/Vorpommern"]
[Date "2017.02.26"]
[Round "6.5"]
[White "Stoevesand, Peter"]
[Black "Grehl, Tino"]
[Result "0-1"]
[WhiteElo "1851"]
[BlackElo "1843"]
[PlyCount "120"]
[EventType "team-tourn"]
[EventRounds "9"]
[SourceDate "2016.10.16"]
[WhiteTeam "SG Neubrandenburg"]
[BlackTeam "Greifswalder SV II"]

1. e4 c5 2. Nf3 Nc6 3. d4 cxd4 4. Nxd4 Nf6 5. Nc3 d6 6. Bc4 e6 7. O-O Be7 8.
Be3 O-O 9. Qd2 a6 10. a3 Qc7 11. Bb3 Ng4 12. f4 Nxe3 13. Qxe3 Nxd4 14. Qxd4 d5
15. Kh1 dxe4 16. Qxe4 Bf6 17. Rf3 Bd7 18. Rd3 Bc6 19. Qe3 Rad8 20. Rad1 Rxd3
21. Rxd3 Rd8 22. Qd2 Rxd3 23. cxd3 h6 24. Bd1 Qd7 25. Bf3 Bxf3 26. gxf3 Qd4 27.
Kg2 g5 28. fxg5 Bxg5 29. Qe2 Qg7 30. Kf1 Bf6 31. Qg2 Qxg2+ 32. Kxg2 Bd4 33. a4
Kf8 34. Ne4 Ke7 35. b3 f5 36. Nd2 Kd6 37. f4 Kc5 38. Kf3 Kb4 39. Ke2 Bc3 40.
Nc4 Kxb3 41. a5 Bb4 42. h4 Ka4 43. h5 Bxa5 44. Nd6 Bc7 45. Nxb7 Kb4 46. d4 Bxf4
47. Nc5 Kc4 48. Nxe6 Bd6 49. Ng7 f4 50. Nf5 Bf8 51. Kf3 a5 52. Kxf4 a4 53. Ke4
a3 54. Ne3+ Kb3 55. Kd3 a2 56. Nc2 Kb2 57. d5 Bd6 58. Kd2 Be5 59. Nb4 a1=Q 60.
Nd3+ Kb3 0-1

[Event "VL 2016/17"]
[Site "Mecklenburg/Vorpommern"]
[Date "2017.02.26"]
[Round "6.6"]
[White "Nauschuetz, Ernst"]
[Black "Witkowski, Rainer"]
[Result "0-1"]
[WhiteElo "1838"]
[BlackElo "1858"]
[PlyCount "144"]
[EventType "team-tourn"]
[EventRounds "9"]
[SourceDate "2016.10.16"]
[WhiteTeam "Greifswalder SV II"]
[BlackTeam "SG Neubrandenburg"]

1. c4 e6 2. g3 d5 3. Bg2 c6 4. Nf3 f5 5. O-O Nf6 6. Qc2 Be7 7. b3 O-O 8. Bb2
Re8 9. a3 Nbd7 10. cxd5 cxd5 11. Nc3 a6 12. Nd4 Nb8 13. Rac1 Nc6 14. Na4 Nxd4
15. Bxd4 Bxa3 16. Ra1 Bd6 17. Nb6 Rb8 18. Rfc1 Bd7 19. Qb2 Bc6 20. f4 Nd7 21.
Na4 Qe7 22. Bf2 Rbc8 23. d4 Nf6 24. e3 Ne4 25. Bxe4 fxe4 26. Nc5 Bb5 27. b4 Rc6
28. Be1 Qc7 29. Nb3 Rc8 30. Rxc6 Qxc6 31. Rc1 Qd7 32. Rxc8+ Qxc8 33. Qc3 Qxc3
34. Bxc3 b6 35. Kf2 Kf7 36. g4 h5 37. h3 g5 38. Bd2 Kg6 39. gxh5+ Kxh5 40. Kg3
Be2 41. Bc3 g4 42. hxg4+ Bxg4 43. Nd2 Be7 44. Nf1 Bh4+ 45. Kg2 Bf3+ 46. Kg1 Bd8
47. Kf2 Kh4 48. Nh2 Bh5 49. Nf1 Kh3 50. Kg1 Bh4 51. Bd2 Be2 52. Bc3 Kg4 53.
Nh2+ Kf5 54. Kg2 Kf6 55. Bd2 Kf5 56. Bc3 Bd8 57. Kf2 Bh5 58. Nf1 a5 59. bxa5
bxa5 60. Nd2 a4 61. Bb4 Bh4+ 62. Kf1 Kg4 63. Ba3 Bd8 64. Bb4 Kg3 65. Nb1 Kf3
66. Bd2 Be7 67. Bc1 Bb4 68. Na3 Bxa3 69. Bxa3 Kxe3 70. Bc5 Kxf4 71. Kf2 e3+ 72.
Ke1 Ke4 0-1

[Event "VL 2016/17"]
[Site "Mecklenburg/Vorpommern"]
[Date "2017.02.26"]
[Round "6.7"]
[White "Winkler, Karl"]
[Black "Dombrowski, Frank"]
[Result "0-1"]
[WhiteElo "1844"]
[BlackElo "1988"]
[PlyCount "48"]
[EventType "team-tourn"]
[EventRounds "9"]
[SourceDate "2016.10.16"]
[WhiteTeam "SG Neubrandenburg"]
[BlackTeam "Greifswalder SV II"]

1. e4 c6 2. d4 d5 3. exd5 cxd5 4. c4 Nf6 5. Nc3 g6 6. Nf3 Bg7 7. Be2 O-O 8. O-O
Nc6 9. Be3 dxc4 10. Bxc4 e6 11. h3 Na5 12. Be2 b6 13. b4 Nc6 14. a3 Nd5 15.
Nxd5 Qxd5 16. Qd2 Bb7 17. Rac1 Rac8 18. Bc4 Qd7 19. d5 exd5 20. Qxd5 Qxd5 21.
Bxd5 Bb2 22. b5 Bxc1 23. bxc6 Bxc6 24. Bxc6 Bxe3 0-1

[Event "VL 2016/17"]
[Site "Mecklenburg/Vorpommern"]
[Date "2017.02.26"]
[Round "6.8"]
[White "Troyke, Jannis"]
[Black "Baier, Karsten"]
[Result "1-0"]
[WhiteElo "1710"]
[BlackElo "1839"]
[PlyCount "71"]
[EventType "team-tourn"]
[EventRounds "9"]
[SourceDate "2016.10.16"]
[WhiteTeam "Greifswalder SV II"]
[BlackTeam "SG Neubrandenburg"]

1. e4 e5 2. Nf3 d6 3. d4 exd4 4. Nxd4 Nf6 5. Nc3 Be7 6. Bd3 O-O 7. O-O Nbd7 8.
f4 Nc5 9. h3 Re8 10. Qf3 c6 11. Be3 Bf8 12. Rae1 Nxd3 13. cxd3 Bd7 14. Bf2 c5
15. Nc2 Bc6 16. Ne3 Qb6 17. b3 Qa5 18. Rc1 b5 19. Bh4 Nd7 20. Rc2 g6 21. Ncd5
Bxd5 22. Nxd5 Bg7 23. Be7 Bf8 24. Bh4 Rab8 25. d4 Rb7 26. f5 cxd4 27. fxg6 Ne5
28. gxh7+ Kh8 29. Bf6+ Kxh7 30. Qh5+ Bh6 31. Bg5 Re6 32. Nf6+ Rxf6 33. Rxf6
Qe1+ 34. Rf1 Qxe4 35. Qxh6+ Kg8 36. Rc8# 1-0

[Event "VL 2016/17"]
[Site "Mecklenburg/Vorpommern"]
[Date "2017.02.26"]
[Round "6.1"]
[White "Ruesch, Hans Joachim"]
[Black "Montag, Ralf"]
[Result "1-0"]
[WhiteElo "1962"]
[BlackElo "1918"]
[PlyCount "81"]
[EventType "team-tourn"]
[EventRounds "9"]
[SourceDate "2016.10.16"]
[WhiteTeam "SF Ostsee Warnemünde"]
[BlackTeam "VT Ludwigslust"]

1. d4 f5 2. Nf3 Nf6 3. g3 b6 4. d5 Bb7 5. c4 Na6 6. Bg2 e6 7. dxe6 dxe6 8. O-O
Bc5 9. a3 Ne4 10. Qa4+ Qd7 11. Qxd7+ Kxd7 12. b4 Bd6 13. Bb2 Nf6 14. Rd1 Raf8
15. Nc3 Ke7 16. Nb5 Ra8 17. Nfd4 Bxg2 18. Kxg2 Nb8 19. c5 bxc5 20. bxc5 Be5 21.
Nxf5+ exf5 22. Bxe5 Na6 23. Nxc7 Nxc7 24. Bxc7 Ne4 25. f3 Rac8 26. Be5 Nxc5 27.
Bxg7 Rhg8 28. Be5 Ke6 29. Bf4 Na4 30. Rd6+ Ke7 31. Ra6 Nc3 32. Rxa7+ Ke6 33.
Rxh7 Nd5 34. Kf2 Rc2 35. Rc1 Rgc8 36. Rxc2 Rxc2 37. Rh6+ Ke7 38. Be5 Ra2 39. h4
Kf7 40. Ra6 Nb4 41. Rf6+ 1-0

[Event "VL 2016/17"]
[Site "Mecklenburg/Vorpommern"]
[Date "2017.02.26"]
[Round "6.3"]
[White "Wolke, Heiko"]
[Black "Illgen, Alexander"]
[Result "1-0"]
[WhiteElo "1964"]
[BlackElo "1894"]
[PlyCount "121"]
[EventType "team-tourn"]
[EventRounds "9"]
[SourceDate "2016.10.16"]
[WhiteTeam "SF Ostsee Warnemünde"]
[BlackTeam "VT Ludwigslust"]

1. e4 d6 2. Nf3 Nf6 3. Nc3 g6 4. Be2 c5 5. d4 cxd4 6. Nxd4 Bg7 7. O-O Nc6 8.
Nxc6 bxc6 9. Bf4 Qa5 10. a3 Ba6 11. Re1 Bxe2 12. Qxe2 O-O 13. b4 Qc7 14. Qc4
Rfc8 15. e5 Nh5 16. exd6 exd6 17. Bg5 d5 18. Qc5 f6 19. Be3 Bf8 20. Qd4 f5 21.
Bg5 Qf7 22. Rad1 h6 23. Bd2 Re8 24. Na4 Nf6 25. f3 Bg7 26. Qc5 Qd7 27. Qf2 Kf7
28. Nc5 Qc7 29. Be3 Nd7 30. Nxd7 Qxd7 31. Bd4 Rxe1+ 32. Rxe1 Bxd4 33. Qxd4 a5
34. Qd2 g5 35. h4 Kg6 36. bxa5 Qa7+ 37. Kh1 Kf7 38. Qb4 c5 39. Qb3 Qd7 40. Qb6
Re8 41. Rxe8 Qxe8 42. Qxh6 Qe1+ 43. Kh2 gxh4 44. Qg5 Qxa5 45. Qxf5+ Ke7 46.
Qe5+ Kf8 47. Qxd5 Qxa3 48. Qd8+ Kf7 49. Qxh4 Qc3 50. Qh7+ Kf8 51. Qf5+ Kg8 52.
g4 Qd2+ 53. Kg3 Qe1+ 54. Kf4 Qd2+ 55. Ke5 Qd4+ 56. Ke6 Qe3+ 57. Kd6 Qa3 58.
Qxc5 Qa6+ 59. Kc7 Qf6 60. Qd5+ Kg7 61. Qd7+ 1-0

[Event "VL 2016/17"]
[Site "Mecklenburg/Vorpommern"]
[Date "2017.02.26"]
[Round "6.4"]
[White "Krueger, Horst"]
[Black "Hamann, Dirk"]
[Result "1/2-1/2"]
[WhiteElo "1884"]
[BlackElo "1879"]
[PlyCount "41"]
[EventType "team-tourn"]
[EventRounds "9"]
[SourceDate "2016.10.16"]
[WhiteTeam "VT Ludwigslust"]
[BlackTeam "SF Ostsee Warnemünde"]

1. c4 Nf6 2. g3 g6 3. Bg2 Bg7 4. Nc3 O-O 5. Nf3 c6 6. O-O d5 7. cxd5 cxd5 8. d4
Nc6 9. h3 b6 10. Ne5 Bb7 11. f4 Rc8 12. e3 e6 13. Bf3 Na5 14. Bd2 Nc4 15. Nxc4
Rxc4 16. Be2 Rc8 17. Rc1 Qe7 18. Qa4 a5 19. a3 Rfd8 20. Kh2 Bf8 21. Bb5 1/2-1/2

[Event "VL 2016/17"]
[Site "Mecklenburg/Vorpommern"]
[Date "2017.02.26"]
[Round "6.5"]
[White "Schmidt, Reinhard"]
[Black "Martensen, Helmut"]
[Result "0-1"]
[WhiteElo "1786"]
[BlackElo "1905"]
[PlyCount "178"]
[EventType "team-tourn"]
[EventRounds "9"]
[SourceDate "2016.10.16"]
[WhiteTeam "SF Ostsee Warnemünde"]
[BlackTeam "VT Ludwigslust"]

1. g4 e5 2. Bg2 d5 3. c4 dxc4 4. Qa4+ c6 5. Qxc4 Be6 6. Qc3 Nd7 7. h3 Ne7 8. e4
Ng6 9. Nf3 Qb6 10. Qc2 Nf4 11. O-O h5 12. Ng5 Bxg4 13. Qc4 Be6 14. Nxe6 Nxe6
15. Nc3 g5 16. d3 g4 17. Kh2 Bh6 18. Bxh6 Rxh6 19. Nd1 O-O-O 20. Ne3 Kb8 21. a4
Rg6 22. Nf5 Qc5 23. Qb3 Qf8 24. h4 Ndc5 25. Qc2 Nxd3 26. Ra3 Nef4 27. Rd1 Nxg2
28. Kxg2 Nf4+ 29. Kh2 Rxd1 30. Qxd1 Kc7 31. a5 Qd8 32. Qb3 Rf6 33. Kg3 Qd2 34.
Qe3 Qxe3+ 35. fxe3 Ng6 36. Rd3 b6 37. b4 bxa5 38. bxa5 Nf8 39. Rb3 Ne6 40. Rb4
a6 41. Rc4 Kd7 42. Rc1 Kc7 43. Rc2 c5 44. Rb2 Nd8 45. Rd2 c4 46. Rc2 Rc6 47.
Ne7 Rc5 48. Nd5+ Kb7 49. Nb6 Nc6 50. Nd7 Rxa5 51. Rxc4 Ra3 52. Kf2 g3+ 53. Kxg3
Rxe3+ 54. Kg2 Nd4 55. Ra4 Re2+ 56. Kg3 Kc7 57. Nxe5 Rxe4 58. Rc4+ Kb7 59. Rb4+
Ka8 60. Nc6 Rg4+ 61. Kh3 Nxc6 62. Rb6 Rc4 63. Rxa6+ Kb7 64. Ra1 Kc7 65. Rf1
Rc3+ 66. Kh2 Ne5 67. Rf5 Nf3+ 68. Kh1 Nxh4 69. Rxf7+ Kd6 70. Rf6+ Ke7 71. Rh6
Nf5 72. Rh8 Kf6 73. Kh2 Kg5 74. Rg8+ Kf4 75. Ra8 h4 76. Ra4+ Kf3 77. Ra5 Kf4
78. Ra4+ Kg5 79. Rb4 Rd3 80. Ra4 Rd4 81. Ra8 Rd6 82. Ra5 Kg4 83. Ra4+ Rd4 84.
Ra8 Rd2+ 85. Kg1 Kf3 86. Ra3+ Ne3 87. Ra8 Kg3 88. Rg8+ Ng4 89. Kf1 h3 0-1

[Event "VL 2016/17"]
[Site "Mecklenburg/Vorpommern"]
[Date "2017.02.26"]
[Round "6.6"]
[White "Hilpert, Andreas"]
[Black "Boecking, Uwe"]
[Result "1/2-1/2"]
[WhiteElo "1787"]
[BlackElo "1724"]
[PlyCount "81"]
[EventType "team-tourn"]
[EventRounds "9"]
[SourceDate "2016.10.16"]
[WhiteTeam "VT Ludwigslust"]
[BlackTeam "SF Ostsee Warnemünde"]

1. e4 c5 2. Nc3 e6 3. g3 Nc6 4. Bg2 Nf6 5. Nge2 Be7 6. d3 a6 7. f4 d6 8. O-O
Qc7 9. h3 O-O 10. g4 b5 11. Ng3 Bb7 12. g5 Nd7 13. f5 exf5 14. Nd5 Qd8 15. Nxf5
Nde5 16. h4 f6 17. c3 fxg5 18. Ndxe7+ Nxe7 19. Bxg5 N5c6 20. d4 h6 21. Bxe7
Nxe7 22. Qg4 Nxf5 23. Rxf5 Rxf5 24. Qxf5 Qe7 25. Rf1 Rf8 26. Qxf8+ Qxf8 27.
Rxf8+ Kxf8 28. dxc5 dxc5 29. Kf2 Ke7 30. Ke3 Ke6 31. Bh3+ Ke5 32. Bf5 g5 33.
hxg5 hxg5 34. Kf3 g4+ 35. Bxg4 Bxe4+ 36. Ke3 Bb1 37. a3 a5 38. Be2 b4 39. Bc4
Be4 40. Ba6 Bb1 41. Bc4 1/2-1/2

[Event "VL 2016/17"]
[Site "Mecklenburg/Vorpommern"]
[Date "2017.02.26"]
[Round "6.7"]
[White "Staben, Norbert"]
[Black "Mitscherling, Reinhard"]
[Result "1-0"]
[WhiteElo "1689"]
[BlackElo "1783"]
[PlyCount "71"]
[EventType "team-tourn"]
[EventRounds "9"]
[SourceDate "2016.10.16"]
[WhiteTeam "SF Ostsee Warnemünde"]
[BlackTeam "VT Ludwigslust"]

1. d4 f5 2. c4 e6 3. Nc3 d5 4. cxd5 exd5 5. Qb3 c6 6. Nf3 Nf6 7. Bg5 Be7 8. e3
O-O 9. Bd3 Kh8 10. O-O Ne4 11. Bf4 Nd7 12. a3 Ndf6 13. Qc2 Qe8 14. h3 Qh5 15.
b4 Be6 16. Na4 Nd7 17. Nc5 Ndxc5 18. bxc5 g5 19. Be5+ Kg8 20. Qb3 g4 21. hxg4
fxg4 22. Ne1 Nd2 23. Qxb7 Qf7 24. f4 Nxf1 25. Kxf1 Bh4 26. Qxc6 Rac8 27. Qa6
Rfe8 28. Rb1 Bxe1 29. Kxe1 Bf5 30. Bxf5 Qxf5 31. Rb7 Rxe5 32. fxe5 Rf8 33. Qe2
g3 34. c6 Rf7 35. Rxf7 Qxf7 36. Qg4+ 1-0